[Event "NOR-ch Seniors-A"]
[Site "Lillehammer"]
[Date "2013.06.29"]
[Round "1"]
[White "Kjolberg, Lars"]
[Black "Aanonsen, Per Tore"]
[Result "1-0"]
[WhiteElo "2135"]
[BlackElo "1757"]
[PlyCount "65"]
[EventDate "2013.06.29"]
[EventType "swiss"]
[EventRounds "9"]
[EventCountry "NOR"]
[SourceTitle "EXT 2014"]
[Source "ChessBase"]
[SourceDate "2013.11.20"]
[SourceVersion "1"]
[SourceVersionDate "2013.11.20"]
[SourceQuality "1"]

1. d4 d5 2. Nf3 Nf6 3. c4 c6 4. e3 e6 5. b3 Nbd7 6. Bb2 Bd6 7. Nbd2 0-0 8. Bd3 Re8 9. Ne5 Nf8 10. f4 c5 11. 0-0 cxd4 12. exd4 b6 13. Rc1 Ba6 14. Qf3 Rc8 15. Qh3 Bb7 16. f5 Ne4 17. fxe6 Rxe6 18. Nxf7 Qe7 19. Bxe4 dxe4 20. Nxd6 Qxd6 21. Qe3 Rce8 22. d5 Rh6 23. g3 Qg6 24. Rf4 Bc8 25. Rxe4 Rxe4 26. Qxe4 Bf5 27. Qe7 Bd3 28. Nf1 Rh5 29. Rd1 Be4 30. Re1 Bf5 31. Ba3 Nd7 32. Qd8+ Kf7 33. Re7+ 1-0